[Event "Karvina op"]
[Site "Karvina"]
[Date "2006.07.??"]
[Round "3"]
[White "Kloza, Jaroslav"]
[Black "Marszalek, Zdzislaw"]
[Result "1/2-1/2"]
[WhiteElo "2051"]
[BlackElo "1745"]
[PlyCount "130"]
[EventDate "2006.07.??"]
[EventType "swiss"]
[EventRounds "7"]
[EventCountry "CZE"]
[SourceTitle "EXT 2008"]
[Source "ChessBase"]
[SourceDate "2007.11.25"]
[SourceVersion "1"]
[SourceVersionDate "2007.11.25"]
[SourceQuality "1"]

1. e4 e5 2. Nf3 Nf6 3. Nc3 Nc6 4. d4 exd4 5. Nxd4 Bb4 6. Nxc6 bxc6 7. Bd3 d5 8. 0-0 Bxc3 9. bxc3 dxe4 10. Bc4 Qxd1 11. Rxd1 0-0 12. Ba3 Re8 13. Rab1 Bg4 14. Re1 Rab8 15. Bb3 Nd5 16. h3 Bh5 17. Bb2 Bg6 18. Rbd1 Rbd8 19. Rd4 Nb6 20. Re3 c5 21. Rxd8 Rxd8 22. c4 f5 23. Be5 Rd7 24. Kh2 Bf7 25. Rc3 a5 26. a3 g5 27. Bf6 h6 28. h4 g4 29. Kg3 Be6 30. Kf4 Kf7 31. Be5 a4 32. Ba2 Nc8 33. f3 gxf3 34. gxf3 Ne7 35. h5 exf3 36. Rxf3 Nc6 37. c3 Nxe5 38. Kxe5 Re7 39. Kf4 Kf6 40. Bb1 Rg7 41. Rg3 Rg5 42. Bc2 Bd7 43. Bd1 Be8 44. Rh3 Rg1 45. Rd3 Rf1+ 46. Kg3 Kg5 47. Kg2 Re1 48. Rg3+ Kf6 49. Rd3 Re4 50. Rd8 Ke7 51. Rc8 Rxc4 52. Rxc7+ Kd6 53. Rh7 Rxc3 54. Rxh6+ Ke5 55. Rh8 Bc6+ 56. Kf2 Kf4 57. h6 Rh3 58. h7 Rh2+ 59. Kg1 Rh1+ 60. Kf2 Bb5 61. Rb8 Rxh7 62. Rxb5 Rh2+ 63. Kg1 Ra2 64. Rxc5 Rxa3 65. Rc4+ Kg3 1/2-1/2